| 000 | 00688nam a22002057a 4500 | ||
|---|---|---|---|
| 003 | OSt | ||
| 005 | 20150408114112.0 | ||
| 008 | 130128s2013 jo ||||g b 00| 0 ara d | ||
| 040 |
_aMU _bara |
||
| 082 | 0 | 4 |
_221 _a372.13 _bع م ش |
| 100 | 1 |
_aعبد الله، محمد محمود _913887 |
|
| 245 | 1 | 2 |
_aالشامل في طرق تدريس الأطفال / _cمحمد بن محمد العبد الله. |
| 250 | _aط. 1. | ||
| 260 |
_aعمان، الأردن : _bدار المناهج، _c2013. |
||
| 300 |
_a228 ص. ؛ _c24 سم. |
||
| 504 | _aببليوجرافية : ص. 227. | ||
| 650 | 4 |
_aتعليم الأطفال. _912721 |
|
| 650 | 4 | _aطرق التدريس. | |
| 942 |
_2ddc _cDVD |
||
| 999 |
_c27127 _d261627 |
||